• 首页
  • 本馆介绍
  • 公告通知
  • 最新文献
  • 馆藏检索
  • 电子资源
  • 读者导购
  • 参考咨询
  • 我的图书馆
  • 登录
  • 详细信息显示
  • 放入我的书架
  • 预约/预借图书
  • 作者相关作品
  • 分类相关作品
  • 丛书相关作品
  • 出版社相关作品

书目信息

  • 表格格式
  • 工作单格式
  • 卡片格式
题名:
无机化学分析与实验研究
    
 
作者: 蒲艳玲 著
分册:  
出版信息: 北京   中国水利水电出版社  2017.08
页数: 213页
开本: 24cm
丛书名:
单 册:
中图分类: O61 , O6
科图分类:
主题词: 化学--化学分析--化学--化学实验
电子资源:
ISBN: 978-7-5170-5825-0
000 00936nam0 2200229 450
001 73
005 20180920171059.88
010    @a978-7-5170-5825-0@dCNY52.00
100    @a20180412d2017 em y0chiy50 ea
101 0  @achi
102    @aCN@b110000
105    @aa z 000yy
200 1  @a无机化学分析与实验研究@9wu ji hua xue fen xi yu shi yan yan jiu@f蒲艳玲著
210    @a北京@c中国水利水电出版社@d2017.08
215    @a213页@c图@d24cm
330    @a本书以总论——无机化学的诠释为切入,共分两大部分。第一部分为无机化学分析,其内容包括出发气体、溶液和胶体分析,化学热力学与化学反应速率研究,酸碱平衡与沉淀溶解平衡研究,氧化还原反应与原子结构、分子结构,无机化学的分析理论与方法研究;第二部分则通过对操作与实验数据处理、实践两个方面来探究无机化学实验。
606 0  @a化学@x化学分析@a化学@x化学实验
690    @aO61@v5
690    @aO6@v4
701  0 @a蒲艳玲@9pu yan ling@4著
801  0 @aCN@b91MARC@c20180412
905    @aMuseLib@dO6@e863
    
    无机化学分析与实验研究/蒲艳玲著.-北京:中国水利水电出版社,2017.08
    213页:图;24cm
    
    
    ISBN 978-7-5170-5825-0:CNY52.00
    本书以总论——无机化学的诠释为切入,共分两大部分。第一部分为无机化学分析,其内容包括出发气体、溶液和胶体分析,化学热力学与化学反应速率研究,酸碱平衡与沉淀溶解平衡研究,氧化还原反应与原子结构、分子结构,无机化学的分析理论与方法研究;第二部分则通过对操作与实验数据处理、实践两个方面来探究无机化学实验。
●
相关链接 在E读中查询图书 在五车中查询图书 在当当中查询图书 在豆瓣中查询图书


正题名:无机化学分析与实验研究     索取号:O6/863         预约/预借

序号 登录号 条形码 馆藏地/架位号 状态 备注
1 1118104   211181040   第二样本阅览室/ [索取号:O6/863] 在馆    
2 1118105   211181059   化学系资料室/ [索取号:O6/863] 在馆    
3 1118106   211181068   第三借阅区/ [索取号:O6/863] 在馆    
4 1118107   211181077   第三借阅区/ [索取号:O6/863] 在馆    
5 1118108   211181086   第三借阅区/ [索取号:O6/863] 在馆    
唐山师范学院图书馆 欢迎您!
大连网信软件有限公司© 版权所有